000
00297nam a2200133Ia 4500
008
260604s9999 xx 000 0 und d
020
_a
9780141396460
082
_a
822.33 SHA
100
_a
William shakespeare
_9
35939
245
0
_a
King Lear.
260
_b
Penguin
500
_a
King
942
_c
BK
999
_c
8779
_d
8779